| 000 | 00376nam a2200169Ia 4500 | ||
|---|---|---|---|
| 003 | 0STCL | ||
| 008 | 150530s9999 xx 000 0 und d | ||
| 040 |
_aSTCL _cSTCL |
||
| 100 | _aWilsen, R.M. | ||
| 245 | _aLost literature of medieval England | ||
| 250 | _aFirst | ||
| 260 | _c1952 | ||
| 546 | _aEnglish | ||
| 942 |
_2ddc _cBK |
||
| 999 |
_c50970 _d50970 |
||
| 005 | 20220125170833.0 | ||